| 000 | 00674nmc a2200265 a 4500 | ||
|---|---|---|---|
| 003 | AR-BaBNM | ||
| 005 | 20251128211300.0 | ||
| 008 | 213120s1994 ||||||||||||||000 | spa|| | ||
| 020 | _a950-02-8412-X | ||
| 040 | _cAR-BaBNM | ||
| 100 | 1 | _aBornemann, Elsa | |
| 245 | 1 | 0 | _aCuento con miedo |
| 250 | _a2ยช ed. | ||
| 260 |
_aBuenos Aires _bEl Ateneo _c1994 |
||
| 300 |
_a16 p. _bil. |
||
| 490 | 0 |
_aInfantil-juvenil _vv. 9 |
|
| 650 | 4 | _aLITERATURA INFANTIL | |
| 650 | 4 | _aLIBROS PARA NINOS | |
| 650 | 4 | _aCUENTOS DE TERROR | |
| 655 | _aLITERATURA | ||
| 700 | 1 |
_aRojas, Oscar _eilustrador |
|
| 800 | 1 |
_aPerriconi, Graciela _edirector |
|
| 942 | _cBK | ||
| 998 | _cmartin | ||
| 999 |
_c18987 _d18987 |
||